logo

Bir Sreshtho Munshi Abdur Rouf Library
Jhenaidah Cadet College

Wordforms--context, strategies, and practice : (Record no. 4906)

MARC details
000 -LEADER
fixed length control field 00801pam a2200253 a 4500
001 - CONTROL NUMBER
JCCL Control Number 4906
003 - CONTROL NUMBER IDENTIFIER
JCCL marc code BD-JhCC
005 - DATE AND TIME OF LATEST TRANSACTION
control field 20171205162508.0
008 - FIXED-LENGTH DATA ELEMENTS--GENERAL INFORMATION
fixed length control field 840227m19859999caua 001 0 eng
020 ## - INTERNATIONAL STANDARD BOOK NUMBER
International Standard Book Number 053403389X (pbk. : v. 1)
035 ## - SYSTEM CONTROL NUMBER
system control number (BD-JhCC)
040 ## - CATALOGING SOURCE
Original cataloging agency DLC
Transcribing agency DLC
Modifying agency DLC
041 ## - LANGUAGE CODE
Language code of Book eng
050 10 - LIBRARY OF CONGRESS CALL NUMBER
Classification number PE1449
Item number .G63 1985
082 00 - DEWEY DECIMAL CLASSIFICATION NUMBER
Classification number 428.1
DDC Edition number 19
Author mark and Year GOR 1985
100 1# - MAIN ENTRY--PERSONAL NAME
Personal name Gordon, Helen Heightsman.
245 10 - TITLE STATEMENT
Title Wordforms--context, strategies, and practice :
Remainder of title the five-at-a-time method and other vocabulary exercises for developmental college students /
Statement of responsibility, etc Helen Heightsman Gordon.
260 ## - PUBLICATION, DISTRIBUTION, ETC. (IMPRINT)
Place of publication, distribution, etc Belmont, Calif. :
Name of publisher, distributor, etc Wadsworth Pub. Co.,
Date of publication, distribution, etc c1985-
300 ## - PHYSICAL DESCRIPTION
Pagination xii. 257p. :
Other physical details ill. ;
Dimensions 24 cm.
500 ## - GENERAL NOTE
General note Includes index.
650 #0 - SUBJECT ADDED ENTRY--TOPICAL TERM
Topical term or geographic name as entry element Vocabulary.
942 ## - ADDED ENTRY ELEMENTS (KOHA)
Source of classification or shelving scheme Dewey Decimal Classification
Koha item type Books
Holdings
Source of classification or shelving scheme Damaged status Not for loan Home library Current library Shelving location Total Checkouts Full call number Barcode Date last seen Copy number Koha item type
Dewey Decimal Classification     JCC Rouf Library JCC Rouf Library General Stacks   428.1 GOR 1985 6836 12/05/2017 C-1 Books

JCC Library | Contacts | JCC Home

Last Update on 23 September 2017
Copyright @ 2017-2020 JCC Rouf Library
Rouf Library, Jhenidah Cadet College (JCC), Bangladesh